Welcome to CU Library Online Public Access Catalogue (OPAC)

THE PURSUIT OF GOD (Record no. 6122)

MARC details
000 -LEADER
fixed length control field 00356nam a22001457a 4500
005 - DATE AND TIME OF LATEST TRANSACTION
control field 20250602104231.0
008 - FIXED-LENGTH DATA ELEMENTS--GENERAL INFORMATION
fixed length control field 250602b |||||||| |||| 00| 0 eng d
020 ## - INTERNATIONAL STANDARD BOOK NUMBER
International Standard Book Number 9780764216244
050 ## - LIBRARY OF CONGRESS CALL NUMBER
Classification number BV4817
Item number .T6 TOZ
100 ## - MAIN ENTRY--PERSONAL NAME
Personal name TOZER, W.A
245 ## - TITLE STATEMENT
Title THE PURSUIT OF GOD
260 ## - PUBLICATION, DISTRIBUTION, ETC.
Place of publication, distribution, etc. MINNEAPOLIS
Name of publisher, distributor, etc. BETHANYHOUSE
Date of publication, distribution, etc. c2013
300 ## - PHYSICAL DESCRIPTION
Extent 136p
942 ## - ADDED ENTRY ELEMENTS (KOHA)
Source of classification or shelving scheme Library of Congress Classification
Koha item type Books
Suppress in OPAC No
999 ## -
-- 6122
-- 6122
Holdings
Withdrawn status Lost status Source of classification or shelving scheme Damaged status Not for loan Collection Home library Current library Shelving location Date acquired Total checkouts Full call number Barcode Date last seen Copy number Price effective from Koha item type
    Library of Congress Classification     Non-fiction Undergraduate Library (Christ Temple) Undergraduate Library (Christ Temple) General stacks 06/02/2025   BV4817.T6 TOZ ulct00002821 06/02/2025 1 06/02/2025 Books
© 2023-2024 Copyright: Central University Libraries. All Rights Reserved | Created by: Mahone Tech Office